00397nam a22001337a 4500041000800000082001700008100004200025245008200067260004100149300000800190650004100198942000700239999001700246 aENG a327.569bAYA aAyatullah al-Uzma Sayyid Ali Khamenei aPalestine: Statements of the Supreme Leader of the Islamic Revolution in Iran aNew DelhibWelayat Publicationc2018 a511 aInternational relations of Palestine cBK c23689d23689